Œuvre espagnole - Mort subite - Statistiques

Statistiques générales
  • Ce quiz a été pris 181 fois
  • Le résultat moyen est 3 sur 14
Answers on the Grid
Answers color-coded by a green-red scale on the quiz's grid according to % correct below.
Guernica
Les Demoiselles d'Avignon
Les Montres molles
La Mauvaise Éducation
Sagrada Família
Palais Güell
Don Quichotte
Le Chien andalou
Paco Rabanne
Castlevania : Lords of Shadow
Les Ménines
Eau de Balenciaga
Portrait de Dora Maar
Tout sur ma mère
Despacito
Musée Guggenheim
Cent ans de solitude
Le Labyrinthe de Pan
Boléro
L'Enterrement du comte d'Orgaz
Carmen
Les Deux Fridas
Harry Potter et le Prisonnier d'Azkaban
Waka Waka
 
Statistiques - réponses
Réponse % Correct
Guernica
56%
Sagrada Família
53%
Don Quichotte
49%
Palais Güell
33%
Les Montres molles
25%
Le Chien andalou
21%
Les Ménines
20%
Les Demoiselles d'Avignon
19%
Tout sur ma mère
14%
Portrait de Dora Maar
10%
Paco Rabanne
9%
Eau de Balenciaga
8%
La Mauvaise Éducation
8%
Castlevania : Lords of Shadow
2%
Aucun quiz correspondant
Distribution des résultats
% des personnes avec chaque résultat
Percentile par nombre de réponses
Votre historique - résultats
Vous n’avez pas pris ce quiz